00453nam a2200133 a 450000100030000000300050000300500170000800800410002504000200006610000370008624501440012326000160026761000360028319CDMR20130927125350.0130130s ||||||||||||||||||||||||||||d aCDMRbcatcCDMR1 aFigueres i Artigues, Josep Maria13aLa Veu de Catalunya (1899-1937)b: aproximació i materials sobre la història del diari català de més llarga vidacJosep M. Figueres a[s.l.cs.d]2 aLa Veu de CatalunyaxHistòria